[Event "Dallas CC Grand Prix3 U1800"]
[Site "Dallas"]
[Date "2001.07.15"]
[Round "4"]
[White "Allen, Jonathan F"]
[Black "Hornor, Louis H"]
[Result "0-1"]
[WhiteElo "1662"]
[BlackElo "1687"]
[PlyCount "74"]
[EventDate "2001.07.14"]
[EventType "swiss"]
[EventRounds "5"]
[EventCountry "USA"]
[SourceTitle "EXT 2005"]
[Source "ChessBase"]
[SourceDate "2004.11.15"]
[SourceVersion "1"]
[SourceVersionDate "2004.11.15"]
[SourceQuality "1"]

1. e4 e6 2. d4 d5 3. Nd2 c5 4. exd5 exd5 5. Ngf3 Nf6 6. Be2 Nc6 7. dxc5 Bxc5 8. Nb3 Qb6 9. Nxc5 Qxc5 10. c3 0-0 11. 0-0 h6 12. h3 Bf5 13. Be3 Qd6 14. Re1 Rfe8 15. Qb3 Qd7 16. Rad1 Be4 17. Nd4 Re7 18. f3 Bg6 19. Nxc6 bxc6 20. Bc5 Re6 21. Ba6 Rae8 22. Rxe6 Rxe6 23. Qb8+ Kh7 24. Qxa7 Qe8 25. Bf2 Nh5 26. Kf1 Nf4 27. Rd2 Re7 28. Qb6 Qa8 29. b4 Qe8 30. a4 Bf5 31. a5 Nxh3 32. gxh3 Bxh3+ 33. Kg1 f6 34. Bd3+ Kg8 35. Bg3 Re1+ 36. Kf2 Rc1 37. Re2 Rf1# 0-1